| 000 | 00849nam a2200241Ia 4500 | ||
|---|---|---|---|
| 999 |
_c36096 _d36096 |
||
| 001 | 1996 | ||
| 003 | GE_BSU | ||
| 005 | 20221010113433.0 | ||
| 008 | 181216s2007ru xx |||||||||||||| ||rus|| | ||
| 020 | _a5699197397 | ||
| 040 | _cGE_BSU | ||
| 041 | _arus | ||
| 080 | _a349.4(075.8) А-25 | ||
| 245 |
_aАграрное право : _bУчебник / _cПод ред.С.А.Боголюбова Е.Л.Мининой |
||
| 264 |
_aМосква : _bЭксмо, _c2007. |
||
| 300 | _a368 стр. | ||
| 653 | _aАграрное право | ||
| 653 | _aსასოფლო-სამეურნეო სამართალი | ||
| 653 | _aსამართალი | ||
| 700 |
_aБоголюбова, С.А. _eრედაქტორი _915172 |
||
| 700 |
_aМининой, Е.Л _eრედაქტორი _915173 |
||
| 942 |
_cBK _2udc |
||